[Event "3rd Norway Chess 2015"]
[Site "Stavanger NOR"]
[Date "2015.06.25"]
[Round "9"]
[White "Hammer, J."]
[Black "Carlsen, M."]
[Result "1-0"]
[WhiteElo "2677"]
[BlackElo "2876"]
[Annotator "Ramirez Alvarez,Alejandro"]
[PlyCount "67"]
[EventDate "2015.06.17"]
[SourceDate "2015.02.07"]

1. d4 d5 2. c4 e6 3. Nf3 a6 {Nothing more than a surprise weapon, clearly,
though it is hard to prepare against someone that usually prepares your
openings!} 4. Bg5 f6 5. Bd2 dxc4 {hard to believe that playing like this can
be good for black.} 6. e3 Nc6 $6 (6... b5 7. b3 cxb3 8. Qxb3 $44) 7. Bxc4 Bd6
8. e4 Nge7 9. O-O O-O 10. Qb3 {White is clearly better in this position. He
has the central control that we teach beginners you must fight for! Black has
no compensation for that.} Kh8 {tactically sound, but not good.} 11. Bxe6 Bxh2+
12. Kxh2 (12. Nxh2 Nxd4 $17) 12... Qd6+ 13. Kh1 Bxe6 14. d5 Bg8 15. Qa3 Qxa3
16. Nxa3 {White is simply better in this position, with some pressure on the
c-file and more space.} Na7 17. Bb4 Rfe8 18. Rac1 Rac8 19. Nd4 f5 20. f3 fxe4
21. fxe4 Ng6 22. Nf5 $6 (22. Rfe1 $14) 22... Rxe4 23. Bc3 Bxd5 $2 {It's not
clear what Carlsen missed. The World Champion usually would be precise enough
to find:} (23... h6 24. Bxg7+ Kh7 25. Bxh6 Bxd5 {with counterplay.}) 24. Bxg7+
Kg8 25. Bd4 {of course. Now the knight on a7 is under attack there is a mate
threat on h6.} Rxd4 26. Nxd4 Bxa2 27. b3 Rd8 $2 (27... c5 28. Rf2 cxd4 29.
Rxc8+ Nxc8 30. Rxa2 {with a better endgame for White, but Black still has
chances to draw.}) 28. Ne6 Rd2 (28... Rd6 $1 $16) 29. Rc3 $1 Re2 $2 30. Nf4 (
30. Rf6 $1 {would finish the game off. The threat of Rcf3 and mate on f8 is
not easy to parry, it would end up costing Black another exchange.}) 30... Rb2
31. Nxg6 (31. Rxc7 {was way more precise.}) 31... hxg6 32. Rxc7 Rxb3 $4 (32...
Nc6 33. Rd1 Bxb3 $1 34. Rdd7 Rf2 {is better for White, but far from over.}) 33.
Rd1 Nc6 34. Rdd7 {Black is simply getting mated after Rc8.} 1-0

[Event "3rd Norway Chess 2015"]
[Site "Stavanger NOR"]
[Date "2015.06.25"]
[Round "9"]
[White "Aronian, L."]
[Black "Nakamura, Hi"]
[Result "0-1"]
[WhiteElo "2780"]
[BlackElo "2802"]
[Annotator "Ramirez Alvarez,Alejandro"]
[PlyCount "80"]
[EventDate "2015.06.17"]
[SourceDate "2015.02.07"]

1. c4 e5 2. Nc3 Nc6 3. g3 Bc5 4. Bg2 d6 5. e3 a6 6. Nge2 Ba7 7. a3 h5 $5 {
Clear intentions that Nakamura came in a fighting spirit!} 8. d4 h4 9. b4 {
Aronian is not one to shy away from a fight. Black starts attacking on the
light-squares on the kingside, but Aronian sets up an aggressive pawn
structure on the other side of the board.} Nge7 10. c5 Bf5 11. Bb2 Qd7 12. Qb3
(12. d5 Nd8 13. cxd6 cxd6 14. h3 {is complex, but perhaps the best way to go.})
12... h3 13. Bf3 exd4 14. Nxd4 Bg4 {Black keeps weakening White's lightsquares.
} 15. Bxg4 Qxg4 16. Nxc6 Nxc6 17. Qd1 (17. cxd6 O-O-O $5) 17... Qg6 18. cxd6
O-O-O $1 19. Rc1 $2 {This move has no point. Aronian had to be much more
careful of his position.} (19. Qb1 Qh5 20. Qd1 {and perhaps all Black has here
is to repeat moves.}) 19... Rxd6 20. Qc2 Qh5 21. Qe2 Ne5 $1 {Now this move is
too strong.} 22. Qxh5 Nd3+ 23. Ke2 (23. Kf1 Rxh5 24. Rc2 Bxe3 $1 {leads to a
decisive attack.} 25. fxe3 Rf5+ 26. Kg1 Rdf6) 23... Nxc1+ 24. Rxc1 Rxh5 {Naka
is just up an exchange here. The rest is easy for him.} 25. g4 Re5 26. Rg1 Re8
27. Rg3 Bd4 28. Na4 Bxb2 29. Nxb2 Red8 30. Nc4 Rc6 31. Ne5 Rc2+ 32. Ke1 f6 33.
Nf3 Rh8 34. g5 Ra2 35. Nd4 Rxa3 36. Ne6 Ra1+ 37. Ke2 Rh1 38. gxf6 gxf6 39. Nf4
b6 40. Nxh3 Rb1 0-1